000 00548cam a2200193 04500
001 45962
090 _a45962
100 _a19950504d18 km y0pory5003 ba
101 1 _apor
102 _aPT
200 1 _aOs elegantes de outro tempo
_fXavier de Montépin
_gtrad. de Alberto Pimentel
210 9 _aLisboa
_cTyp. do "Diário Illustrado",
_d[18--]
215 _a249,[4] p.
225 2 _aPedro Correia
675 _a821.133.1-31
700 1 _aMontépin,
_bXavier de,
_f1823-1902
702 1 _aPimentel,
_bAlberto,
_f1849-1925
_4730
801 0 _aPT
_bBN
_gRPC
990 _cMON